Statistiken für Alle Personen die auf dem Mond waren

Klicken Sie hier um das Quiz zu spielen!

Allgemein

  • Dieses Quiz wurde 21 mal gespielt
  • Das Durchschnittsergebnis liegt bei 2 aus 12

Antwortstatistiken

JahrName% Korrekt
07/1969Neil Armstrong
100%
07/1969Buzz Aldrin
47%
04/1972John Young
11%
02/1971Alan Shepard
5%
04/1972Charles Duke
5%
08/1971David Scott
5%
12/1972Eugene Cernan
5%
12/1972Harrison Schmitt
5%
08/1971James Irwin
5%
11/1969Alan Bean
0%
11/1969Charles Conrad
0%
02/1971Edgar Mitchell
0%

Verteilung der Resultate

Perzentil nach korrekt beantworteten Fragen

Anzahl Personen mit jedem Resultat

Ihre Resultats-Entwicklung

Sie haben dieses Quiz noch nicht gespielt